000 00369 a2200169 4500
001 187182
020 _a85-16-01916-0
040 _cMagnum
100 _aBurningham, John
240 1 0 _aCadê o Júlio?
_lpor
245 1 0 _aCadê o Júlio?
300 _a32
362 0 _a1998
440 1 _aModerna
697 _aLITERATURA INFANTO-JUVENIL ESTRANGEIRA
942 _cBK
999 _c187182
_d187182